| 000 | 00763nam a2200265Ia 4500 | ||
|---|---|---|---|
| 003 | OSt | ||
| 005 | 20220918215903.0 | ||
| 006 | a|||||r|||| 00| 0 | ||
| 007 | ta | ||
| 008 | 220917b |||||||| |||| 00| 0 eng d | ||
| 024 | _a143,207 | ||
| 037 | _cTextual | ||
| 040 |
_aARTS _cARTS _beng |
||
| 041 |
_2eng _aeng |
||
| 082 | _aY15:6.1, M6 | ||
| 100 |
_aEck Diana L Ed _9135707 |
||
| 245 | 0 |
_aSpeaking of faith _b Cross cultual perspective on women religion an social change |
|
| 260 |
_aNew Delhi _bKali for women _c1986 |
||
| 300 |
_a288p. _ccm. |
||
| 500 | _aAppendix p271-284 | ||
| 650 | _aSOCIOLOGY | ||
| 700 |
_a Jain Devaki Ed _938379 |
||
| 942 |
_hY15:6.1, M6 _cTEXL _2CC |
||
| 999 |
_c266160 _d266160 |
||